|
|
|
|
| LEADER |
00000cam a2200000 i 4500 |
| 003 |
Ucuenca |
| 005 |
20231208062603.0 |
| 006 |
a||||gr|||| 001 | |
| 007 |
ta |
| 008 |
016051s2005 ec gr|||| 001|| spa a |
| 020 |
|
|
|a 9978872698
|
| 040 |
|
|
|b spa
|a UCuenca-cdrjbv
|c UCuenca
|e rda
|
| 041 |
0 |
|
|a spa
|
| 082 |
0 |
|
|2 22
|a 320.86
|c si12804
|
| 100 |
1 |
|
|a Vera Arrata, Alfredo.
|d 1935-
|9 125765
|e autor
|
| 245 |
0 |
0 |
|a Política /
|c Alfredo Vera Arrata.
|
| 250 |
|
|
|a Primera edición.
|
| 264 |
|
1 |
|a Quito:
|b El Conejo,
|c 2005.
|
| 300 |
|
|
|a 130 páginas:
|c 21 cm
|
| 336 |
|
|
|2 rdacontent
|a texto
|b txt
|
| 337 |
|
|
|2 rdamedia
|a no mediado
|b n
|
| 338 |
|
|
|2 rdacarrier
|a volumen
|b nc
|
| 505 |
0 |
|
|a 1: De la naturaleza humana -- 2: Reflexiones sobre política -- 3: Esquema política ecuatoriana -- 4. Perspectivas nacionales -- 5: Proyecciones internacionales -- 6: Los líderes políticos -- 7: Nuestro trayecto -- 8: Rol de la juventud.
|
| 520 |
3 |
|
|a Alfredo Vera ha escrito: Política, una suerte de summa del pensador avezado en esos arduos y ardientes temas. Es un legado imprescindible para quienes se interesan en la gran problemática de nuestro país y su futuro. Más allá de su risueña introducción y de las notas de humor que contiene, es un libro fundamental desde el cual se piensa, justamente, la Política; la política concreta, real, vigente, entendida no sólo desde el preconcebido arte de gobernar de los antiguos griegos, sino y sobre todo, como el espacio real de los conflictos sociales y sus soluciones posibles. Un gran libro de lectura directa y amena.
|
| 650 |
1 |
7 |
|2 UCuenca-cdrjbv
|a Ciencia política
|9 8811
|
| 650 |
1 |
4 |
|a Política ecuatoriana
|9 272
|
| 852 |
|
|
|a UC-CDJBV
|f Compra
|l 1
|m General
|p 20160516
|q 1.00
|r 2
|t si12804
|b 0
|d CDRC
|e CDRC
|g 320.86 PRIMER PISO
|z 2016-60-51
|
| 942 |
|
|
|c BK
|0 2
|2 ddc
|r vanessa.morales@ucuenca.edu.ec
|
| 999 |
|
|
|c 74620
|d 74620
|